Correctional treatment in community settings: a report of current research; prepared for the 6. International Congress on Criminology, Madrid, Spain, September 21 - 27, 1970
| 1. VerfasserIn: | |
|---|---|
| Medienart: | Druck Buch |
| Sprache: | Englisch |
| Veröffentlicht: |
Rockville, Md.
National Inst. of Mental Health
1974
|
| In: |
DHEW publication / ADM (74-101)
Jahr: 1974 |
| Ausgabe: | Repr. |
| Bestand in Tübingen: | In Tübingen vorhanden. UB: KB 1 G 589-117 UB: KB 6 A 204-9 |
| Verfügbarkeit prüfen: | HBZ Gateway |
| Subito Bestelldienst: | Jetzt bestellen. |
| Schlagwörter: |
MARC
| LEADER | 00000cam a22000002c 4500 | ||
|---|---|---|---|
| 001 | 1094321451 | ||
| 003 | DE-627 | ||
| 005 | 20220514141132.0 | ||
| 007 | tu | ||
| 008 | 910529s1974 xx ||||| 00| ||eng c | ||
| 035 | |a (DE-627)1094321451 | ||
| 035 | |a (DE-576)024321451 | ||
| 035 | |a (DE-599)BSZ024321451 | ||
| 035 | |a (OCoLC)311632753 | ||
| 040 | |a DE-627 |b ger |c DE-627 |e rakwb | ||
| 041 | |a eng | ||
| 100 | 1 | |a Warren, Marguerite Q. |4 aut | |
| 245 | 1 | 0 | |a Correctional treatment in community settings |b a report of current research; prepared for the 6. International Congress on Criminology, Madrid, Spain, September 21 - 27, 1970 |c Marguerite Q. Warren |
| 250 | |a Repr. | ||
| 264 | 1 | |a Rockville, Md. |b National Inst. of Mental Health |c 1974 | |
| 300 | |a VII, 57 S. | ||
| 336 | |a Text |b txt |2 rdacontent | ||
| 337 | |a ohne Hilfsmittel zu benutzen |b n |2 rdamedia | ||
| 338 | |a Band |b nc |2 rdacarrier | ||
| 490 | 1 | |a DHEW publication |a ADM |v 74-101 | |
| 490 | 0 | |a Crime and delinquency issues | |
| 500 | |a Formerly DHEW publication HSM 72-9129 | ||
| 583 | 1 | |a Archivierung prüfen |c 20200919 |f DE-640 |z 1 |2 pdager | |
| 655 | 7 | |a Konferenzschrift |0 (DE-588)1071861417 |0 (DE-627)826484824 |0 (DE-576)433375485 |2 gnd-content | |
| 810 | 2 | |a USA |b Department of Health, Education, and Welfare |t DHEW publication / ADM |v 74-101 |9 74-101 |w (DE-627)108397520X |w (DE-576)01397520X |7 am | |
| 951 | |a BO | ||
| ELC | |b 1 | ||
| LOK | |0 000 xxxxxcx a22 zn 4500 | ||
| LOK | |0 001 2165189683 | ||
| LOK | |0 003 DE-627 | ||
| LOK | |0 004 1094321451 | ||
| LOK | |0 005 20020606000000 | ||
| LOK | |0 008 910529||||||||||||||||ger||||||| | ||
| LOK | |0 040 |a DE-21 |c DE-627 |d DE-21 | ||
| LOK | |0 852 |a DE-21 | ||
| LOK | |0 852 1 |c KB 6 A 204-9 |9 00 | ||
| LOK | |0 935 |a krim | ||
| LOK | |0 936ln |a k13.2.3.2 | ||
| LOK | |0 939 |a 29-05-91 |b l01 | ||
| LOK | |0 000 xxxxxcx a22 zn 4500 | ||
| LOK | |0 001 2165189691 | ||
| LOK | |0 003 DE-627 | ||
| LOK | |0 004 1094321451 | ||
| LOK | |0 005 19920713000000 | ||
| LOK | |0 008 920713||||||||||||||||ger||||||| | ||
| LOK | |0 040 |a DE-21 |c DE-627 |d DE-21 | ||
| LOK | |0 852 |a DE-21 | ||
| LOK | |0 852 1 |c KB 1 G 589-117 |9 00 | ||
| LOK | |0 866 |x Microfiche | ||
| LOK | |0 935 |a ckop |a krim | ||
| LOK | |0 939 |a 13-07-92 |b l02 | ||
| ORI | |a SA-MARC-krimdoka001.raw | ||
| SIG | |a UB: KB 1 G 589-117 | ||
| SIG | |a UB: KB 6 A 204-9 | ||
